Population | County |
382,032 | Knox | | 96.9% | 897,472 | Shelby | | 91.7% | 569,891 | Davidson | | 90.6% | 91,837 | Madison | | 83.9% | 307,896 | Hamilton | | 83.3% | 10,984 | Jackson | | 83.3% | 105,823 | Blount | | 81.8% | 71,170 | Sevier | | 80.7% | 107,198 | Washington | | 78.1% | 88,808 | Wilson | | 78.1% | 62,909 | Greene | | 78.1% | 39,270 | Franklin | | 78.1% | 182,023 | Rutherford | | 77.6% | 126,638 | Williamson | | 77.6% | 17,499 | Johnson | | 76% | 44,294 | Jefferson | | 74.5% | 39,086 | Loudon | | 73.4% | 37,279 | Dyer | | 72.4% | 17,712 | Smith | | 72.4% | 39,926 | Lawrence | | 71.9% | 38,961 | Monroe | | 71.4% | 49,015 | McMinn | | 70.3% | 16,050 | Polk | | 70.3% | 17,808 | Union | | 69.3% | 71,330 | Anderson | | 68.2% | 11,731 | Decatur | | 68.2% | 16,842 | Wayne | | 67.7% | 46,802 | Cumberland | | 66.7% | 23,102 | White | | 65.6% | 130,449 | Sumner | | 64.6% | 31,340 | Lincoln | | 64.6% | 134,768 | Montgomery | | 64.1% |
|
Population | County |
48,014 | Coffee | | 63.5% | 28,796 | Fayette | | 63.5% | 11,367 | Lewis | | 63.5% | 69,498 | Maury | | 63% | 5,508 | Van Buren | | 63% | 62,315 | Putnam | | 62% | 33,565 | Cocke | | 62% | 4,945 | Pickett | | 61.5% | 58,128 | Hamblen | | 60.9% | 51,271 | Tipton | | 60.9% | 14,532 | Crockett | | 60.9% | 32,450 | Obion | | 59.9% | 16,625 | Fentress | | 59.9% | 153,048 | Sullivan | | 59.4% | 51,910 | Roane | | 59.4% | 25,522 | Henderson | | 59.4% | 21,127 | Scott | | 58.9% | 17,423 | DeKalb | | 58.9% | 28,400 | Rhea | | 58.3% | 38,276 | Warren | | 57.8% | 17,667 | Unicoi | | 57.8% | 7,954 | Lake | | 57.8% | 7,976 | Clay | | 57.3% | 87,965 | Bradley | | 56.8% | 31,115 | Henry | | 56.8% | 39,854 | Campbell | | 55.7% | 20,659 | Grainger | | 55.7% | 56,742 | Carter | | 55.2% | 12,367 | Bledsoe | | 55.2% | 43,156 | Dickson | | 54.2% | 29,447 | Giles | | 54.2% | 6,780 | Hancock | | 54.2% |
|
Population | County |
54,433 | Robertson | | 52.6% | 53,563 | Hawkins | | 52.6% | 35,912 | Cheatham | | 52.6% | 11,086 | Meigs | | 52.6% | 8,088 | Houston | | 52.1% | 29,862 | Claiborne | | 51.6% | 14,332 | Grundy | | 51% | 7,259 | Trousdale | | 50.5% | 25,578 | Hardin | | 49.5% | 16,537 | Benton | | 49.5% | 5,740 | Moore | | 49.5% | 20,386 | Macon | | 49% | 12,370 | Stewart | | 49% | 22,295 | Hickman | | 47.9% | 11,370 | Sequatchie | | 47.9% | 7,631 | Perry | | 47.9% | 12,826 | Cannon | | 47.4% | 27,776 | Marion | | 46.4% | 27,101 | Lauderdale | | 45.3% | 37,586 | Bedford | | 44.8% | 29,475 | Carroll | | 44.3% | 28,105 | Hardeman | | 43.8% | 48,154 | Gibson | | 42.7% | 19,757 | Morgan | | 42.7% | 20,118 | Overton | | 42.2% | 15,540 | Chester | | 40.6% | 24,653 | McNairy | | 40.1% | 26,767 | Marshall | | 39.6% | 34,895 | Weakley | | 38% | 17,929 | Humphreys | | 37.5% | 19,797 | Haywood | | 37% |
|
Comments